000 00325nam a2200121Ia 4500
008 240731s9999 xx 000 0 und d
022 _a2230-2271
245 0 _aResearch and Reports in Endocrine Disorders
260 _bDove Medical Press
856 _uhttps://www.tandfonline.com/loi/dred20
942 _2ddc
942 _cTFEJ
999 _c79199
_d79199
945 _a1
_bMadushi Gamage
_c1
_dMadushi Gamage